| 000 | 00880cad a22002415a 4500 | ||
|---|---|---|---|
| 001 | E153465 | ||
| 008 | 110801s2010 xxk f 000 0 eng d | ||
| 020 | 1 | _a9781842196199 | |
| 035 | _a(Sirsi) u153465 | ||
| 041 | 0 | _aeng | |
| 100 | 1 | _aEdwards, Gethin | |
| 245 | 0 | 0 |
_aEthics in UK real estate practices _h[electronic resource] |
| 260 |
_aLondon _bRICS _c2010 |
||
| 490 | 0 | _aRICS Findings in Built and Rural Environments | |
| 520 | _aAssesses how small and large surveying practices: promote ethical behaviour within their organisations; deal with ethical dilemmas faced by their staff; and ensure compliance with RICS' 2007 rules of conduct. | ||
| 521 | _aAdvanced | ||
| 590 | _aKA | ||
| 651 | 4 |
_aUnited Kingdom _y |
|
| 690 | _aMANAGEMENT-BUSINESS MANAGEMENT-PROFESSIONAL PRACTICE | ||
| 700 | 1 | _aPottinger, Gaye | |
| 942 | _n0 | ||
| 999 |
_c112530 _d112530 |
||
| 856 | _zBroken link - not available | ||